A lenda do santo bebedor (Registo nº 11338)

Detalhes MARC
000 -Etiqueta do registo
campo de controlo de comprimento fixo 006950000a22002170004500
001 - Identificador do registo
Campo de controlo 11338
010 ## - ISBN
Número (ISBN) 972-37-0409-9
100 ## - Dados Gerais de Proc.
Dados gerais de processamento 20040413d1997 k y0pory5003 ba
101 0# - Língua da publicação
Língua do texto, banda sonora, etc. Português
Língua do documento no original Alemão
102 ## - País de Publicação
País de publicação Portugal
200 1# - Título
Título próprio A lenda do santo bebedor
Primeira menção de responsabilidade Joseph Roth
Outras menções de responsabilidade trad. e pref. Álvaro Gonçalves
210 ## - Publicação, Distribuição
Lugar da edição, distribuição, etc. Lisboa
Nome do editor, distribuidor, etc. Assírio & Alvim
Data da publicação, distribuição, etc. 1997
215 ## - Descrição física
Descrição física 86, [2] p
225 2# - Colecção
Título próprio da colecção O imaginário
Indicação de volume 32
304 ## - Título e responsabilidade
Texto da nota Tít. orig. : Die legende vom heilingen trinker.
675 ## - CDU
Notação 821.112.2(436)-31"19"
Edição BN
Língua da edição Português
700 #1 - Responsabilidade principal
Palavra de ordem Roth
Outra parte do nome Joseph
Datas 1894-1939
702 #1 - Responsabilidade secundária
Koha Internal Code 22445
Código de função Tradutor
Palavra de ordem Gonçalves
Outra parte do nome Álvaro
090 ## - Números de controlo do sistema (Koha)
Número biblioitem do Koha (gerado automaticamente) 11338
942 ## - Elementos de entrada adicionados (Koha)
Tipo de item no Koha Monografias
Suprimido Disponível no OPAC
999 ## - Campo local
Campo local 11338
-- Bibliobase - BMTAV
-- 2019-01-21
Exemplares
Removido (estado) Perdido (estado) Data de aquisição Origem do registo (biblioteca) (codificado) Código da organização que empresta ou é detentora (biblioteca) Código de barras Local Número de inventário Cota Tipo de circulação (não pode ser emprestado) Tipo de item e material
Disponível Disponível 2004-04-13 Biblioteca Municipal Álvaro de Campos Biblioteca Municipal Álvaro de Campos BMTAV26411 Depósito 26411 R7 ROT-D Normal Monografias